Assessing young children /

Bibliographic Details
Main Author: Mindes, Gayle
Format: Book
Language:English
Published: Upper Saddle River, N.J. : Merrill Prentice Hall, [2007]
Edition:3rd ed.
Subjects:
Online Access:Table of contents

MARC

Tag First Indicator Second Indicator Subfields
LEADER 00000cam a22000004a 4500
001 in00002175607
005 20151104053514.0
008 060118s2007 njua b 001 0 eng
010 |a  2006001467 
020 |a 0131718215 
024 3 |a 9780131718210 
035 |a (OCoLC)ocm63122787 
040 |a DLC  |c DLC  |d BAKER  |d C#P  |d UtOrBLW 
042 |a pcc 
043 |a n-us--- 
049 |a TXAM 
050 0 0 |a LB1131  |b .M6146 2007 
082 0 0 |a 371.26  |2 22 
100 1 |a Mindes, Gayle. 
245 1 0 |a Assessing young children /  |c Gayle Mindes. 
250 |a 3rd ed. 
264 1 |a Upper Saddle River, N.J. :  |b Merrill Prentice Hall,  |c [2007] 
264 4 |c ©2007 
300 |a xix, 453 pages :  |b illustrations ;  |c 24 cm. 
336 |a text  |b txt  |2 rdacontent 
337 |a unmediated  |b n  |2 rdamedia 
338 |a volume  |b nc  |2 rdacarrier 
504 |a Includes bibliographical references (pages 425-437) and index. 
650 0 |a Child development  |z United States  |x Testing. 
650 0 |a Early childhood education  |z United States  |x Evaluation. 
650 0 |a Educational tests and measurements  |z United States. 
856 4 1 |3 Table of contents  |u http://www.loc.gov/catdir/toc/ecip066/2006001467.html  |t 0 
938 |a Baker & Taylor  |b BKTY  |c 54.00  |d 54.00  |i 0131718215  |n 0006593801  |s active 
945 |i PromptCat 
947 |a A14834121267 
948 |a cataloged  |b h  |c 2006/6/15  |d c  |e achopde  |f 11:52:45 am 
994 |a 92  |b TXA 
999 |a MARS 
999 f f |s 786c1154-d037-35ae-861c-e6631b5bda77  |i 0f7c24de-844b-3275-b324-991e888df348  |t 0 
952 f f |p normal  |a Texas A&M University  |b College Station  |c Sterling C. Evans Library  |d Evans: Library Stacks  |t 0  |e LB1131 .M6146 2007  |h Library of Congress classification  |i unmediated -- volume  |m A14834121267 
998 f f |a LB1131 .M6146 2007  |t 0  |l Evans: Library Stacks